Dog, Cat, Car, or Pastry? - Statistics

General Stats
  • This quiz has been taken 26 times
  • The average score is 33 of 50
Answer Stats
Hint Answer % Correct
Bentley Car
96%
Sphinx Cat
96%
Pomeranian Dog
96%
Impala Car
92%
Chow Chow Dog
92%
Charger Car
88%
Manx Cat
88%
Malamute Dog
88%
Danish Pastry
88%
Plymouth Car
83%
Veyron Car
79%
Malibu Car
79%
Maine Coon Cat
79%
Russian Blue Cat
79%
Bichon Frisé Dog
79%
Affenpinscher Dog
79%
Papillon Dog
75%
Maltese Dog
75%
Sheltie Dog
75%
Napoleon Pastry
75%
Weimaraner Dog
71%
Torte Pastry
71%
Cruller Pastry
71%
Abyssinian Cat
67%
Cane Corso Dog
67%
Chiron Car
63%
Lada Car
63%
Pixie Bob Cat
63%
Saluki Dog
63%
Berliner Pastry
63%
Kuchen Pastry
63%
Blini Pastry
63%
Scottish Fold Cat
58%
Ridgeback Dog
58%
Bomboloni Pastry
58%
Gremlin Car
54%
Devon Rex Cat
54%
Palmier Pastry
54%
Viszla Dog
50%
Brittany Dog
50%
Schipperke Dog
46%
Zeppole Pastry
42%
Opera Pastry
42%
Boat Tail Car
38%
Chinook Dog
38%
Paczki Pastry
38%
Gibassier Pastry
38%
Jalouise Pastry
29%
Mexican Hairless Dog
25%
Bostock Pastry
21%
No matching quizzes found
Score Distribution
Percent of People with Each Score
Percentile by Number Answered
Your Score History
You have not taken this quiz